Normal view
MARC view
- Educación inclusiva
Entry Materia
001 - NÚMERO DE CONTROL DEL REGISTRO
- campo de control: 25379
003 - IDENTIFICADOR DE NUMERO DE CONTROL
- campo de control: MX-MxUPN
005 - FECHA Y HORA DE LA ÚLTIMA TRANSACCIÓN
- campo de control: 20250228153253.0
008 - DATOS DE LONGITUD FIJA
- campo de control de longitud fija: 250228dn fccnnbabd b ana |d
035 ## - NÚMERO DE CONTROL DEL SISTEMA
- Número de control del sistema: UPN10000025388
040 ## - FUENTE DE LA CATALOGACIÓN
- Centro catalogador de origen: MX-MxUPN
- Lengua de catalogación: spa
150 ## - ENCABEZAMIENTO - TEMÁTICO
- Término de materia o nombre geográfico como elemento inicial: Educación inclusiva
- Subdivisión geográfica: Argentina
670 ## - FUENTE EN LA QUE SE LOCALIZARON DATOS
- Cita de la fuente: Autoridades BGTQ, 28 febrero 2025 :
- Información localizada: (Educación inclusiva -- Argentina)
902 ## - CATALOGADOR
- Catalogador: CAA/310117
- Catalogador: VíctorGodínez/280225
